000 00460nam a2200181Ia 4500
001 9094
005 20260306160658.0
008 260306t2019||||xx |||||||||||||| ||spa||
041 _aESP
082 _a372.62
_bZ95
100 _aZúñiga Lacruz, Ana
_eAUT
245 0 _aExpresión oral y escrita:
_bmanual para estudiantes de educación
260 _c2019
300 _a80 páginas :
_c24 cm.
650 _aGEN
654 _aCED
942 _cLIB
_dJUS
_fJUS
_2ddc
_n
999 _c9094
_d9094